Horrid Henry's Car Journey / (Record no. 4042)

MARC details
000 -LEADER
fixed length control field 01274nam a22002777a 4500
001 - CONTROL NUMBER
control field 4042
003 - CONTROL NUMBER IDENTIFIER
control field FISKH
005 - DATE AND TIME OF LATEST TRANSACTION
control field 20250116160055.0
008 - FIXED-LENGTH DATA ELEMENTS--GENERAL INFORMATION
fixed length control field 240603b cb ||||| |||| 00| 0 eng d
020 ## - INTERNATIONAL STANDARD BOOK NUMBER
International Standard Book Number 9781444001075
040 ## - CATALOGING SOURCE
Original cataloging agency FISKH
Language of cataloging eng
Transcribing agency FISKH
Modifying agency FISKH
082 ## - DEWEY DECIMAL CLASSIFICATION NUMBER
Classification number 823.914
100 ## - MAIN ENTRY--PERSONAL NAME
Personal name Simon, Francesca
Relator term author
245 ## - TITLE STATEMENT
Title Horrid Henry's Car Journey /
Statement of responsibility, etc. by Francesca Simon : illustrated by Tony Ross
250 ## - EDITION STATEMENT
Edition statement This edition first published in Great Britain in 2011
260 ## - PUBLICATION, DISTRIBUTION, ETC.
Place of publication, distribution, etc. London :
Name of publisher, distributor, etc. Orin House ;
Date of publication, distribution, etc. 2002
300 ## - PHYSICAL DESCRIPTION
Extent 78 pages :
Other physical details color illustrations ;
Dimensions 21 cm .
490 ## - SERIES STATEMENT
Series statement Early Reader
505 ## - FORMATTED CONTENTS NOTE
Formatted contents note K <br/>
520 ## - SUMMARY, ETC.
Summary, etc. Early Readers are stepping stones from picture books to reading books. A blue Early Reader is perfect for sharing and reading together. A red Early Reader is the next step on your reading journey. Horrid Henry hates car journeys - especially when it means going to visit Prissy Polly and Pimply Paul, and missing Rude Ralph's birthday party. Watch out, Mum and Dad, because Henry is prepared to do whatever it takes to get out of this trip. Read by Miranda Richardson
521 8# - TARGET AUDIENCE NOTE
Target audience note 520 <br/>
Source Lexile <br/>
521 8# - TARGET AUDIENCE NOTE
Target audience note K <br/>
Source Raz-Plus <br/>
700 ## - ADDED ENTRY--PERSONAL NAME
Personal name Ross, Tony
Relator term illustrator
942 ## - ADDED ENTRY ELEMENTS (KOHA)
Source of classification or shelving scheme Dewey Decimal Classification
Koha item type Books
Suppress in OPAC No
Holdings
Withdrawn status Lost status Source of classification or shelving scheme Damaged status Not for loan Collection Home library Current library Shelving location Date acquired Total Checkouts Full call number Barcode Date last seen Date last checked out Price effective from Koha item type
    Dewey Decimal Classification     Juvenile Fiction Footprints International School Library Network Toul Kork Campus Footprints International School Library Network Toul Tom Poung Campus   06/03/2024 1 SIM 823.914 FISBK05169 11/14/2025 11/10/2025 06/03/2024 Books